Places by Asian Country - Tile Select #1 - Statistics

General Stats
  • This quiz has been taken 14 times
  • The average score is 28 of 45
Answer Stats
Question Tile Select % Correct
Places in Malaysia No
100%
Places in Malaysia No
100%
Places in Malaysia Yes
100%
Places in Thailand No
100%
Places in Thailand Yes
100%
Places in Malaysia No
91%
Places in Indonesia No
91%
Places in Vietnam No
91%
Places in Vietnam No
91%
Places in Thailand No
91%
Places in Thailand No
91%
Places in Malaysia No
82%
Places in Cambodia No
82%
Places in Cambodia No
82%
Places in Cambodia Yes
82%
Places in Indonesia No
73%
Places in Cambodia No
73%
Places in Cambodia Yes
73%
Places in Thailand Yes
73%
Places in Thailand Yes
73%
Places in Thailand Yes
73%
Places in Indonesia Yes
64%
Places in Vietnam No
64%
Places in Malaysia Yes
55%
Places in Malaysia Yes
55%
Places in Indonesia Yes
55%
Places in Vietnam Yes
55%
Places in Thailand Yes
55%
Places in Malaysia Yes
45%
Places in Indonesia No
45%
Places in Indonesia Yes
45%
Places in Cambodia Yes
45%
Places in Vietnam Yes
45%
Places in Vietnam Yes
45%
Places in Vietnam Yes
45%
Places in Cambodia Yes
36%
Places in Indonesia Yes
27%
Places in Cambodia Yes
27%
Places in Vietnam Yes
27%
Places in Thailand Yes
27%
Places in Malaysia Yes
18%
Places in Indonesia Yes
18%
Places in Indonesia Yes
18%
Places in Cambodia Yes
18%
Places in Vietnam Yes
9%
No matching quizzes found
Score Distribution
Percent of People with Each Score
Percentile by Number Answered
Your Score History
You have not taken this quiz